000 00673cam a22002054a 4500
005 20250605164302.0
008 250528s ||||||||||||||||||||||||d
035 _a22115
040 _aGR-AtMCL
_bgre
_dGR-AtMCL
_eAACR2
245 1 _aMANAGEMENT OF SAFETY AND HEALTH IN TECHNICAL WORKS
250 _a1
260 _bΑυτοεκδοση,
_c2009
300 _a151
505 0 _aΟΙ ΣΗΜΕΙΩΣΕΙΣ ΒΡΙΣΚΟΝΤΑΙ ΣΤΗΝ ΕΛΛΗΝΙΚΗ ΓΛΩΣΣΑ
520 _aΟΙ ΣΗΜΕΙΩΣΕΙΣ ΒΡΙΣΚΟΝΤΑΙ ΣΤΗΝ ΕΛΛΗΝΙΚΗ ΓΛΩΣΣΑ
700 1 _aTsiogkas Konstantinos N
_97994
942 _cBK
999 _c7171
_d7171